000 00401nam a2200145 a 4500
005 20140412111328.0
008 110128s19uu xx 00 eng d
020 _a1-873940-00-9
050 _aTR(GS 428.407
_bC87 1991
100 _aCrouch, William
245 _aMr. Wordmaker and V Team /
_cWilliam Crouch.
260 _aGreat Britain :
_bWordmaker books,
_c1991.
300 _a64p.
999 _c104777
_d104777